|
|
|
|
| LEADER |
00000nam a22000007a 4500 |
| 005 |
20210111224524.0 |
| 007 |
cr|||| |||| |
| 008 |
210111s2014 br |||||s|||| 00||0 por d |
| 020 |
|
|
|a 978-85-8248-033-5
|
| 035 |
|
|
|a 32508
|
| 040 |
|
|
|a vLex
|
| 090 |
|
|
|c 11072
|d 11072
|
| 100 |
1 |
|
|a Suardi D’Elia, Fb̀io
|
| 245 |
1 |
0 |
|a Tutela Penal da Dignidade Sexual e Vulnerabilidade
|h [Recurso electrn̤ico] /
|c Fb̀io Suardi D’Elia
|
| 256 |
|
|
|a Servicio en ln̕ea
|
| 260 |
|
|
|a San Pablo:
|b Letras Jurídicas Editora,
|c 2014
|
| 500 |
|
|
|a O trabalho apresentado tem por pb︢lico alvo os operadores do direito em geral, com n̊fase q̉ueles que necessitam de auxl̕io na interpretaȯ̂ de queste̳s envolvendo crimes sexuais, mais especificamente aqueles com vt̕imas consideradas vulnerv̀eis nos termos da lei penal.
|
| 506 |
1 |
|
|a Disponible solo en los productos indicados
|d vLex Global
|d vLex Global (Academic Edition, excluding Law Schools)
|d vLex Global (U.S. Academic Edition, Law Schools)
|d vLex Global (U.S. Academic Edition, excluding Law Schools)
|d vLex Global (Academic Edition, Law Schools)
|
| 650 |
0 |
4 |
|a Derecho Penal
|z Brasil
|
| 740 |
0 |
|
|a vLex Libros (Servicio en ln̕ea)
|
| 856 |
4 |
0 |
|u http://vlex.com/source/tutela-penal-da-dignidade-sexual-e-vulnerabilidade-32508
|z Acceso restringido
|
| 942 |
|
|
|c BOOK
|
| 999 |
0 |
|
|a Criminal law
|